Initialed People CA to CZ Quiz Stats

 Plays Quiz Updated Nov 8, 2016

Challenge
Share
Tweet
Embed
Score 0/26 Timer 07:00
0 Plays Today
Initials Name % Correct
CKCalvin Klein
89.8%
CBChristian Bale
86.1%
CDCharles Darwin
85.5%
CNChuck Norris
78.3%
CZCatherine Zeta-Jones
76.4%
CAChristina Aguilera
76.4%
CEClint Eastwood
74.9%
CRChris Rock
71.8%
CCCindy Crawford
71.6%
CUCarrie Underwood
69%
CHCharlton Heston
64.1%
CLCyndi Lauper
63.7%
CFChris Farley
63.5%
Initials Name % Correct
CGChe Guevara
56.6%
CWChristopher Walken
51.9%
CSCharles Schulz
48.8%
CX*Charles Xavier
45.7%
CJCarl Jung
42.1%
CTClarence Thomas
41.1%
COClive Owen
32.6%
CIChris Isaak
30.8%
CQColin Quinn
29.2%
CYCarl Yastrzemski
27.6%
CMCormac McCarthy
24.5%
CPChuck Palahniuk
20.1%
CVChristina Vidal
3%

You're not logged in!

Compare scores with friends on all Sporcle quizzes.
OR
Log In

You Might Also Like...

Show Comments

Extras

Top Quizzes Today


Score Distribution

Your Account Isn't Verified!

In order to create a playlist on Sporcle, you need to verify the email address you used during registration. Go to your Sporcle Settings to finish the process.

Report this User

Report this user for behavior that violates our Community Guidelines.

Details: